| 000 | 00786nam a2200229 a 4500 | ||
|---|---|---|---|
| 001 | 000007581 | ||
| 005 | 20240530073911.0 | ||
| 008 | 090909s2004 dr a r 000 f spa d | ||
| 040 |
_aDO-SdBNP _bspa _cBNPHU |
||
| 082 |
_aRD863.44 _bB438u, 2004 |
||
| 100 | 1 |
_aBeras, Vicente _921039 |
|
| 245 | 1 | 3 |
_aLa última clase : _bel año escolar de un travieso / _cVicente Beras. |
| 250 | _a4a ed. | ||
| 260 |
_a[Santo Domingo] : _b[s.n.], _c2004. |
||
| 300 |
_a52 p. : _bil. ; _c20 cm. |
||
| 500 | _aIncluye datos biográficos del autor en la contracubierta | ||
| 500 | _aLa biblioteca posee un ejemplar autografiado por el autor | ||
| 590 | _aInventariado, 2020/MFF | ||
| 650 | 0 |
_aNovela dominicana _9223 |
|
| 650 | 0 |
_aLiteratura dominicana. _967 |
|
| 910 | _aValidado. Control de calidad. MFF | ||
| 999 |
_c7361 _d7361 |
||